000
00217nam a22000857a 4500
008
161129b xxu||||| |||| 00| 0 eng d
100
_9
1515
_a
Aggarwal.R.S.etal.
245
_a
Mathematics
260
_a
New Delhi
_b
S. Chand
_c
2009
999
_c
4244
_d
4244